000 00511nam a2200181Ia 4500
005 20250317130433.0
008 008 250317s9999 xx 000 0 eng d
037 _aTextbook
040 _aFMSL
_beng
_cFMSL
041 _aeng
_2eng
084 _aD658(B) M2
_qFMSL
100 _aHickman I
_9745655
245 0 _aGet morel personnel computer
260 _aLondon
_bLondon, Newness Technical Books
_c1982
300 _a175p
942 _cTB
_hD658(B) M2
999 _c1263757
_d1263757